00623nam a2200169Ia 4500008004100000020001800041041000800059082001700067100005300084245006900137250000600206260006100212300001200273650002300285999001900308952012600327210716s2010 xx 000 0 und d a9788177589764 aeng a658.404 GRAC aGray, Clifford F;Larson, Erik W;Desai, Gautam V. aProject management: the managerial process.bManagerial process. a1 aNew DelhibTata McGraw Hill Publishing Company Ltdc2010 axxi,706 aProject Management c205026d205026 001040708MBAaAIMITbAIMITd2010-02-20g325.00l0o658.404 GRACpMBA07592r2026-05-23 00:00:00v243.75w2021-07-16yBK